| 000 | 00496nam a2200205Ia 4500 | ||
|---|---|---|---|
| 003 | OSt | ||
| 005 | 20221007083220.0 | ||
| 006 | a|||||r|||| 00| 0 | ||
| 007 | ta | ||
| 008 | 221006b |||||||| |||| 00| 0 eng d | ||
| 024 | _a23,574 | ||
| 037 | _cTextual | ||
| 040 |
_aFLL _cFLL _beng |
||
| 041 |
_2eng _aeng |
||
| 100 |
_aBailey K.D. _9700478 |
||
| 245 | 0 | _aMethod of social research glossary | |
| 300 |
_aP-430-40 _ccm. |
||
| 942 |
_cTEXL _2CC |
||
| 999 |
_c1169248 _d1169248 |
||